[Event "14. Sparkassen Open 2015 - Gruppe B"]
[Site "Forchheim"]
[Date "2015.10.04"]
[Round "4.27"]
[White "Götzel, Alfred"]
[Black "Albayrak, Aylin"]
[Result "1/2-1/2"]
[WhiteElo "1950"]
[BlackElo "1654"]
[PlyCount "98"]
[EventDate "2015.??.??"]
[WhiteTeam "SC Höchstadt/Aisch"]
[BlackTeam "Zabo-Eintracht Nürnberg"]

1. Nf3 Nf6 2. c4 g6 3. b4 Bg7 4. Bb2 O-O 5. d4 d5 6. Nbd2 c6 7. g3 a5 8. a3 b5
9. cxd5 cxd5 10. Bg2 Nc6 11. Ne5 Nxe5 12. dxe5 Ng4 13. Nf3 Bf5 14. O-O Be4 15.
h3 Bxf3 16. Bxf3 Nxe5 17. Bxd5 Rc8 18. Kg2 e6 19. Bb3 Qe7 20. bxa5 Qb7+ 21. Kh2
Nf3+ 22. exf3 Bxb2 23. Ra2 Bc3 24. Qe2 Bxa5 25. h4 Rc5 26. Rc2 Rh5 27. Kg2 Qe7
28. g4 Rxh4 29. Qxb5 Bc7 30. Rh1 Rxh1 31. Kxh1 Qh4+ 32. Kg2 Qh2+ 33. Kf1 Rd8
34. Ke2 Bg3 35. Ke3 Bf4+ 36. Ke2 Qh1 37. Ra2 Qc1 38. Qc4 Rd2+ 39. Rxd2 Qxd2+
40. Kf1 Qc1+ 41. Qxc1 Bxc1 42. a4 Bd2 43. Ke2 Ba5 44. Bc2 Kg7 45. f4 Bc7 46.
Kf3 Kh6 47. Bd3 f5 48. Bc4 fxg4+ 49. Kxg4 e5 1/2-1/2

[Event "14. Sparkassen Open 2015 - Gruppe B"]
[Site "Forchheim"]
[Date "2015.10.04"]
[Round "4.28"]
[White "Lais, Thomas"]
[Black "Bauschke, Norman"]
[Result "1-0"]
[WhiteElo "1942"]
[BlackElo "1605"]
[PlyCount "101"]
[EventDate "2015.??.??"]
[WhiteTeam "SW Nürnberg Süd"]
[BlackTeam "SC Höchstadt/Aisch"]

1. e4 c5 2. Nf3 Nc6 3. d4 cxd4 4. Nxd4 Nxd4 5. Qxd4 e6 6. Nc3 Ne7 7. Be3 Nc6 8.
Qd2 a6 9. f4 Be7 10. O-O-O O-O 11. e5 f6 12. exf6 Bxf6 13. Ne4 Be7 14. Nd6 Bxd6
15. Qxd6 Qa5 16. Bc4 b5 17. Bb3 Qb4 18. Qxb4 Nxb4 19. Bc5 Rxf4 20. Bd6 Re4 21.
Rhf1 Bb7 22. Bxb4 Rxb4 23. Rxd7 Bd5 24. Rxd5 Rxb3 25. Re5 Rb4 26. Rxe6 Rg4 27.
g3 Rd4 28. c3 Rd7 29. Kc2 Rc7 30. Kb3 a5 31. Rb6 Rc5 32. a4 bxa4+ 33. Kxa4 Rh5
34. Rf2 Rf8 35. Rxf8+ Kxf8 36. h4 Re5 37. Rb5 Re3 38. Rf5+ Ke7 39. Rg5 Kf6 40.
Kxa5 Re2 41. b3 Re3 42. Kb4 h6 43. Rg4 Re5 44. Rf4+ Ke6 45. Rf3 Re4+ 46. c4 Ke7
47. Kb5 Re5+ 48. c5 Ke8 49. Kb6 Re7 50. c6 Kd8 51. Rf8+ 1-0

[Event "14. Sparkassen Open 2015 - Gruppe B"]
[Site "Forchheim"]
[Date "2015.10.04"]
[Round "4.29"]
[White "Kuhmann, Peter"]
[Black "Lohvinov, Petro"]
[Result "*"]
[WhiteElo "1942"]
[BlackElo "1643"]
[PlyCount "74"]
[EventDate "2015.??.??"]
[WhiteTeam "TSV Kirchehrenbach"]
[BlackTeam "SK München Südost"]

1. Nc3 e5 2. e4 Nf6 3. Bc4 Nc6 4. d3 Bc5 5. Bg5 h6 6. Bh4 g5 7. Bg3 d6 8. Na4
Qe7 9. Nxc5 dxc5 10. Qd2 Bd7 11. O-O-O O-O-O 12. Ne2 Be6 13. Qc3 Bxc4 14. Qxc4
Nd4 15. Nc3 a6 16. a4 Rhe8 17. Rhe1 Nc6 18. Nd5 Nxd5 19. exd5 Na5 20. Qg4+ Qd7
21. Qxd7+ Rxd7 22. Bxe5 Rxd5 23. Bg7 Rxe1 24. Rxe1 Rf5 25. Bxh6 Rxf2 26. Bxg5
Rxg2 27. Bf4 Rg4 28. Bg3 Kd7 29. b3 Nc6 30. Re3 Rg6 31. Rf3 f6 32. c3 Ne5 33.
Bxe5 fxe5 34. h3 Rg1+ 35. Kc2 Rg2+ 36. Kc1 Rh2 37. Rf7+ Kd6 {
Partieformular unleserlich; Sieg Weiß um den 90. Zug.} *

[Event "14. Sparkassen Open 2015 - Gruppe B"]
[Site "Forchheim"]
[Date "2015.10.04"]
[Round "4.30"]
[White "Schlötterer, Hermann"]
[Black "Gets, Alexej"]
[Result "0-1"]
[WhiteElo "1872"]
[BlackElo "1660"]
[PlyCount "62"]
[EventDate "2015.??.??"]
[WhiteTeam "Zabo-Eintracht Nürnberg"]
[BlackTeam "SC Noris-Tarrasch Nürnberg"]

1. d4 Nf6 2. g3 e6 3. Bg2 d5 4. Nf3 b6 5. c4 Bb7 6. Ne5 Bb4+ 7. Nc3 Ne4 8. Qa4+
Nc6 9. Nxc6 Bxc3+ 10. bxc3 Qd7 11. cxd5 exd5 12. Qc2 Qxc6 13. Bb2 O-O 14. O-O
Qg6 15. f3 Nf6 16. Qd2 Rfe8 17. Rfe1 h5 18. h3 Qxg3 19. Rf1 Ba6 20. Rae1 Re6
21. Rf2 Rae8 22. Bc1 h4 23. Qc2 Bc8 24. Bd2 Nh5 25. Qc1 Rg6 26. e4 Bxh3 27.
Ree2 dxe4 28. fxe4 Rxe4 29. Rxe4 Bxg2 30. Bf4 Nxf4 31. Rexf4 Bf3+ 0-1

[Event "14. Sparkassen Open 2015 - Gruppe B"]
[Site "Forchheim"]
[Date "2015.10.04"]
[Round "4.31"]
[White "Reichel, Günther"]
[Black "Schwab, Edgar"]
[Result "1-0"]
[WhiteElo "1729"]
[BlackElo "1930"]
[PlyCount "85"]
[EventDate "2015.??.??"]
[WhiteTeam "SC-SF Stockstadt"]
[BlackTeam "SC Forchheim"]

1. c4 c6 2. g3 Nf6 3. Bg2 d5 4. b3 g6 5. Bb2 Bg7 6. Nf3 O-O 7. O-O Bf5 8. d3
Qc8 9. Re1 Bh3 10. Bh1 h6 11. Nbd2 Nbd7 12. Rc1 dxc4 13. bxc4 Nc5 14. Ba3 Qf5
15. Nh4 Qh5 16. d4 Ne6 17. e3 Qxd1 18. Rexd1 Rfe8 19. Rb1 Nd8 20. Ne4 g5 21.
Nxf6+ Bxf6 22. Nf3 Bf5 23. Rb2 Rc8 24. Nd2 b6 25. Ne4 Bg7 26. c5 b5 27. Bb4 Be6
28. Nc3 Bg4 29. Rd3 e6 30. a4 a6 31. axb5 axb5 32. Ra2 e5 33. d5 e4 34. Nxe4
Nb7 35. dxc6 Red8 36. Nd6 Nxd6 37. cxd6 Ra8 38. Rxa8 Rxa8 39. Ra3 Rxa3 40. Bxa3
Bf6 41. c7 Bc3 42. Bc6 Be5 43. Bxb5 1-0

[Event "14. Sparkassen Open 2015 - Gruppe B"]
[Site "Forchheim"]
[Date "2015.10.04"]
[Round "4.32"]
[White "Schulz, Horst"]
[Black "Gugenberger, Uwe"]
[Result "1/2-1/2"]
[WhiteElo "1717"]
[BlackElo "1942"]
[PlyCount "29"]
[EventDate "2015.??.??"]
[WhiteTeam "SC Höchstadt/Aisch"]
[BlackTeam "PSV Dorfen"]

1. d4 d5 2. e3 Nf6 3. f4 c5 4. c3 Nc6 5. Bd3 c4 6. Bc2 Bg4 7. Nf3 e6 8. Nbd2
Be7 9. O-O b5 10. Qe1 Bxf3 11. Rxf3 O-O 12. e4 Re8 13. Rh3 h6 14. e5 Nh7 15.
Qg3 1/2-1/2

[Event "14. Sparkassen Open 2015 - Gruppe B"]
[Site "Forchheim"]
[Date "2015.10.04"]
[Round "4.33"]
[White "Heckel, Wolfgang"]
[Black "Großner, Josef"]
[Result "1/2-1/2"]
[WhiteElo "1756"]
[BlackElo "1902"]
[PlyCount "88"]
[EventDate "2015.??.??"]
[WhiteTeam "TSG Ellingen"]
[BlackTeam "SF Fürth"]

1. d4 Nf6 2. c4 e6 3. Nc3 d5 4. Nf3 Be7 5. Bf4 O-O 6. e3 c6 7. c5 b6 8. b4 Nbd7
9. Bd3 Re8 10. O-O Bb7 11. Qc2 Nf8 12. Ne2 Nh5 13. Be5 f6 14. Bg3 Nxg3 15. Nxg3
Qc7 16. Nh4 g5 17. Nf3 Rad8 18. a3 e5 19. Be2 e4 20. Nd2 Bc8 21. Bh5 Ng6 22. f4
gxf4 23. exf4 f5 24. Nb3 Rf8 25. Qd2 Bd7 26. Rae1 Ra8 27. Ne2 Kg7 28. Kh1 Kh6
29. Qe3 Kg7 30. Ng1 Bd8 31. Rc1 Qb7 32. Rc3 Bc7 33. Nh3 Qb8 34. Bxg6 hxg6 35.
Ng5 Rh8 36. g3 Bd8 37. Kg2 Be7 38. h4 Qb7 39. Qe2 Bd8 40. Rcc1 b5 41. Qd2 Bc7
42. Ra1 a6 43. Kf2 Qb8 44. Ke3 Qd8 1/2-1/2

[Event "14. Sparkassen Open 2015 - Gruppe B"]
[Site "Forchheim"]
[Date "2015.10.04"]
[Round "4.34"]
[White "Kaltschmidt, Andreas"]
[Black "Wärtsch, Michael"]
[Result "1/2-1/2"]
[WhiteElo "1702"]
[BlackElo "1866"]
[PlyCount "155"]
[EventDate "2015.??.??"]
[WhiteTeam "SK Weiden"]
[BlackTeam "SG Lüdenscheid"]

1. b4 c6 2. c4 Qb6 3. a3 a5 4. c5 Qc7 5. Bb2 axb4 6. axb4 Rxa1 7. Bxa1 d5 8. e3
Nf6 9. Nf3 Bg4 10. Be2 e6 11. Ne5 Bxe2 12. Qxe2 b6 13. d4 Be7 14. O-O O-O 15.
Nd2 Nbd7 16. Nxd7 Nxd7 17. Bc3 Ra8 18. Ra1 Rxa1+ 19. Bxa1 Qa7 20. Qd1 Qa3 21.
Qb1 b5 22. Kf1 Nb8 23. Qb2 Qa4 24. Qb1 Na6 25. Bc3 Qa3 26. Qb3 Qxb3 27. Nxb3
Bd8 28. Ke2 Kf8 29. f3 Ke7 30. Nd2 Bc7 31. g3 Nb8 32. f4 Nd7 33. Kf3 Nf6 34. h3
h5 35. g4 hxg4+ 36. hxg4 Nd7 37. g5 f6 38. gxf6+ Kxf6 39. Nf1 Kg6 40. Ng3 Nf6
41. Bd2 Nh5 42. Nxh5 Kxh5 43. Be1 Bd8 44. Bf2 Bf6 45. Be1 g5 46. fxg5 Kxg5 47.
Bf2 Kf5 48. Be1 e5 49. Bf2 Bd8 50. Be1 Bg5 51. dxe5 Kxe5 52. Bc3+ Kf5 53. Be1
Bf6 54. Bd2 Bb2 55. Be1 Ba1 56. Bd2 Ke5 57. Be1 d4 58. Ke2 Kd5 59. Kd3 dxe3 60.
Bg3 e2 61. Be1 Bb2 62. Bd2 Ke5 63. Be1 Kf4 64. Kxe2 Ke4 65. Kd2 Kd4 66. Kc2 Ba1
67. Bf2+ Kc4 68. Be1 Bd4 69. Bd2 Bf2 70. Bc3 Bxc5 71. bxc5 Kxc5 72. Kb3 Kb6 73.
Bd2 c5 74. Be3 Kc6 75. Bf2 Kd5 76. Bg1 c4+ 77. Kb4 Ke4 78. Kc3 1/2-1/2

[Event "14. Sparkassen Open 2015 - Gruppe B"]
[Site "Forchheim"]
[Date "2015.10.04"]
[Round "4.35"]
[White "Hartewig, Anja"]
[Black "Lehmann, Tornalf"]
[Result "1-0"]
[WhiteElo "1722"]
[BlackElo "1671"]
[PlyCount "63"]
[EventDate "2015.??.??"]
[WhiteTeam "Chemnitzer SC Aufbau"]
[BlackTeam "SC Heilsbronn"]

1. d4 Nf6 2. c4 e5 3. dxe5 Ng4 4. Nf3 Bc5 5. e3 Nc6 6. Be2 Ngxe5 7. Nxe5 Nxe5
8. O-O O-O 9. Nd2 d6 10. b3 Qf6 11. Rb1 Bf5 12. e4 Bg6 13. Bb2 Qe7 14. a3 a5
15. Rc1 f5 16. exf5 Rxf5 17. Nf3 Raf8 18. Qd5+ Kh8 19. Bxe5 dxe5 20. b4 axb4
21. axb4 Bxb4 22. Qxb7 Bc5 23. Rcd1 Bh5 24. Qe4 Rf4 25. Qd5 Bd6 26. Rc1 Bxf3
27. Bxf3 Qg5 28. Be4 Qh6 29. Rc3 Rh4 30. h3 Bb4 31. Rg3 Bc3 32. Rxc3 1-0

[Event "14. Sparkassen Open 2015 - Gruppe B"]
[Site "Forchheim"]
[Date "2015.10.04"]
[Round "4.36"]
[White "Weineck, Ekkehard"]
[Black "Nahlik, Bernhard"]
[Result "1-0"]
[WhiteElo "1639"]
[BlackElo "1721"]
[PlyCount "114"]
[EventDate "2015.??.??"]
[WhiteTeam "SV Würzburg"]
[BlackTeam "SC Ansbach"]

1. d4 d5 2. Nf3 Nf6 3. c4 c6 4. Bf4 g6 5. e3 Bg7 6. Bd3 O-O 7. O-O Nh5 8. Bg5
h6 9. Bh4 Nf6 10. Nbd2 Be6 11. Rc1 dxc4 12. Nxc4 Nbd7 13. b3 Rc8 14. Re1 c5 15.
h3 a6 16. dxc5 Nxc5 17. Bb1 Qxd1 18. Rexd1 g5 19. Bg3 Nd5 20. Be5 Bxe5 21.
Nfxe5 f6 22. Ng6 Rfe8 23. f4 gxf4 24. exf4 f5 25. Rxd5 Bxd5 26. Nb6 Rcd8 27.
Rxc5 Be4 28. Bxe4 fxe4 29. Nd5 Rd7 30. Kf2 Red8 31. Ngxe7+ Kf7 32. Rc4 Rxd5 33.
Nxd5 Rxd5 34. Rxe4 Rd2+ 35. Re2 Rd3 36. g3 a5 37. Kg2 a4 38. bxa4 Ra3 39. h4
Rxa4 40. Kf3 Rc4 41. Rb2 Rc7 42. Kg4 Kg7 43. f5 Rc4+ 44. Kh5 Kf6 45. g4 Ra4 46.
Rxb7 Rxa2 47. Rb6+ Ke5 48. Rxh6 Kf4 49. Rg6 Kg3 50. Kg5 Ra5 51. h5 Kf3 52. h6
Ra4 53. h7 Rxg4+ 54. Kf6 Rh4 55. Kg7 Kf4 56. h8=Q Rxh8 57. Kxh8 Kxf5 1-0

[Event "14. Sparkassen Open 2015 - Gruppe B"]
[Site "Forchheim"]
[Date "2015.10.04"]
[Round "4.37"]
[White "Maillinger, Michael"]
[Black "Kirchner, Markus"]
[Result "1-0"]
[WhiteElo "1504"]
[BlackElo "1633"]
[PlyCount "99"]
[EventDate "2015.??.??"]
[WhiteTeam "PSV Dorfen"]
[BlackTeam "SF Schöneck"]

1. d4 Nf6 2. Nf3 d6 3. g3 Nbd7 4. Bg2 g6 5. O-O Bg7 6. c4 O-O 7. Nc3 Re8 8. Nd5
Nxd5 9. cxd5 Nf6 10. Qb3 a5 11. a4 b6 12. e3 Bb7 13. Ne1 Qd7 14. Nd3 Ba6 15.
Rd1 Qg4 16. f3 Qd7 17. Nf2 Bb7 18. e4 Ba6 19. Bf1 Bxf1 20. Kxf1 Reb8 21. Qd3 b5
22. axb5 Qxb5 23. Qxb5 Rxb5 24. Nd3 Nd7 25. Be3 Nb6 26. Rdc1 Ra7 27. Rc2 Na8
28. b4 a4 29. Ra3 Nb6 30. Rac3 a3 31. Ra2 h6 32. Kf2 e6 33. dxe6 fxe6 34. Rcxa3
Rxa3 35. Rxa3 h5 36. Ra7 c5 37. dxc5 dxc5 38. Bxc5 Nc4 39. Nf4 Bc3 40. Nxe6 Nb2
41. Nc7 Rb8 42. Ra8 Rxa8 43. Nxa8 Nd3+ 44. Ke2 Nxc5 45. bxc5 Kf8 46. Kd3 Ba5
47. Nb6 Ke7 48. Kc4 Kd8 49. Nd5 Be1 50. Nf4 1-0

[Event "14. Sparkassen Open 2015 - Gruppe B"]
[Site "Forchheim"]
[Date "2015.10.04"]
[Round "4.38"]
[White "Walter, Manfred"]
[Black "Gajewski, Richard"]
[Result "0-1"]
[WhiteElo "1757"]
[BlackElo "1718"]
[PlyCount "113"]
[EventDate "2015.??.??"]
[WhiteTeam "SV Lauf"]
[BlackTeam "Wolframs-Eschenbach"]

1. e4 e6 2. d4 b6 3. Nf3 Bb7 4. Bd3 Be7 5. e5 d6 6. O-O Nd7 7. Re1 h6 8. Nbd2
g5 9. Nf1 c5 10. c3 Qc7 11. Qe2 Qc6 12. Be4 Qxe4 13. Qxe4 Bxe4 14. Rxe4 d5 15.
Re2 a5 16. a4 g4 17. Ne1 h5 18. Nc2 Nh6 19. Bxh6 Rxh6 20. Rae1 Nb8 21. Na3 Kd7
22. Nb5 Nc6 23. Nd2 Rf8 24. f4 f6 25. exf6 Rfxf6 26. g3 h4 27. Nf1 hxg3 28.
hxg3 Rh3 29. Rh2 Rhh6 30. Ree2 Bd6 31. Rxh6 Rxh6 32. Rh2 Rxh2 33. Nxh2 cxd4 34.
cxd4 Nxd4 35. Nxd6 Kxd6 36. Nxg4 Kc5 37. Ne5 Kb4 38. Nd7 Kxa4 39. Nxb6+ Kb3 40.
Kf2 Kxb2 41. g4 Kb3 42. Ke3 Nc6 43. g5 a4 44. Nc8 a3 45. g6 a2 46. g7 a1=Q 47.
g8=Q Qe1+ 48. Kf3 Nd4+ 49. Kg2 Qe2+ 50. Kh3 Qh5+ 51. Kg2 Qf3+ 52. Kh2 Qxf4+ 53.
Kg2 Qf3+ 54. Kh2 Ne2 55. Qg6 Qf2+ 56. Kh1 Ng3+ 57. Qxg3+ 0-1

[Event "14. Sparkassen Open 2015 - Gruppe B"]
[Site "Forchheim"]
[Date "2015.10.04"]
[Round "4.39"]
[White "Rierl, Klaus"]
[Black "Mager, Thomas"]
[Result "1/2-1/2"]
[WhiteElo "1789"]
[BlackElo "1804"]
[PlyCount "35"]
[EventDate "2015.??.??"]
[WhiteTeam "SG Sonneberg"]
[BlackTeam "vereinslos"]

1. Nf3 Nf6 2. b3 e6 3. Bb2 b6 4. e3 Bb7 5. Be2 c5 6. O-O Be7 7. c4 O-O 8. d4 d6
9. dxc5 dxc5 10. Nc3 Nbd7 11. Qc2 Qc7 12. h3 Rfd8 13. Rfd1 a6 14. Rd2 Nf8 15.
Rad1 Rxd2 16. Rxd2 Rd8 17. Ne1 Rd7 18. Bf3 1/2-1/2

[Event "14. Sparkassen Open 2015 - Gruppe B"]
[Site "Forchheim"]
[Date "2015.10.04"]
[Round "4.40"]
[White "Jacob, Karl-Heinz"]
[Black "Mönch, Dietmar"]
[Result "1-0"]
[WhiteElo "1728"]
[BlackElo "1798"]
[PlyCount "75"]
[EventDate "2015.??.??"]
[WhiteTeam "SG Sonneberg"]

1. Nf3 d5 2. c4 d4 3. b4 Bg4 4. Bb2 Bxf3 5. gxf3 e5 6. a3 g6 7. Bg2 c6 8. d3
Bg7 9. Nd2 Ne7 10. Nb3 Nd7 11. Qd2 Qc7 12. e3 O-O-O 13. e4 f5 14. O-O-O Ng8 15.
Kb1 Ngf6 16. exf5 Nh5 17. fxg6 hxg6 18. h4 Nf4 19. Bh3 Nxh3 20. Rxh3 Rdf8 21.
Rg1 Bh6 22. Qe2 Qd6 23. Qe4 Nf6 24. Qxg6 Rfg8 25. Qf5+ Kc7 26. Rxg8 Rxg8 27.
Rg3 Rxg3 28. fxg3 Be3 29. Nc5 Nd7 30. Nxd7 Qxd7 31. Qxe5+ Kc8 32. g4 Qh7 33.
Qf5+ Qxf5 34. gxf5 Kd7 35. Bc1 Bf2 36. Bg5 b5 37. cxb5 cxb5 38. h5 1-0

[Event "14. Sparkassen Open 2015 - Gruppe B"]
[Site "Forchheim"]
[Date "2015.10.04"]
[Round "4.41"]
[White "Richter, Tony"]
[Black "Breitenbach, Joachim"]
[Result "1/2-1/2"]
[WhiteElo "1680"]
[BlackElo "2045"]
[PlyCount "76"]
[EventDate "2015.??.??"]
[WhiteTeam "SV Triebes"]
[BlackTeam "Schachtreff Röttenbach"]

1. d4 Nf6 2. c4 e6 3. Nf3 b6 4. Nc3 Bb7 5. Bf4 Be7 6. Qc2 d5 7. e3 O-O 8. Bd3
dxc4 9. Bxc4 Na6 10. Qe2 Nb4 11. O-O Nbd5 12. Be5 Nxc3 13. bxc3 Ne4 14. Bd3 f5
15. Qb2 Bd6 16. c4 Ng5 17. Nxg5 Qxg5 18. f4 Qg6 19. Bxd6 cxd6 20. c5 dxc5 21.
dxc5 Bd5 22. Rac1 Rfc8 23. cxb6 axb6 24. Rxc8+ Rxc8 25. Rf2 Rb8 26. a4 Qe8 27.
Qe5 Bc6 28. Rc2 Rd8 29. Bc4 Rd1+ 30. Kf2 Bd5 31. Be2 Rb1 32. Rc7 Qf8 33. Ba6
Qf6 34. Rc8+ Kf7 35. Rc7+ Kg6 36. Qxf6+ Kxf6 37. Bd3 Rb2+ 38. Rc2 Rxc2+ 1/2-1/2

[Event "14. Sparkassen Open 2015 - Gruppe B"]
[Site "Forchheim"]
[Date "2015.10.04"]
[Round "4.42"]
[White "Hummel, Thomas"]
[Black "Babichev, Vyacheslav"]
[Result "0-1"]
[WhiteElo "1947"]
[BlackElo "1825"]
[PlyCount "92"]
[EventDate "2015.??.??"]
[WhiteTeam "SK Neumarkt"]
[BlackTeam "SW Nürnberg Süd"]

1. b4 e6 2. Bb2 Nf6 3. b5 d5 4. e3 Be7 5. Nf3 O-O 6. d4 Nbd7 7. Bd3 Ne8 8. Nbd2
f5 9. c4 c6 10. Qb3 Nef6 11. Ng5 Nb8 12. Ndf3 h6 13. Nh3 Nbd7 14. Nf4 Nb8 15.
Ne5 Bd6 16. Nfg6 Re8 17. a4 a5 18. Ba3 Bxa3 19. Rxa3 dxc4 20. Qxc4 Qd6 21. Rb3
Nd5 22. Rb1 cxb5 23. axb5 b6 24. O-O Bb7 25. Qb3 Nb4 26. f3 Bd5 27. Bc4 Nd7 28.
Rfe1 Bb7 29. Nf4 Nf8 30. Nfd3 Nd5 31. Nf2 Nb4 32. Rbd1 Qe7 33. e4 f4 34. Nfd3
Nxd3 35. Nxd3 Qf6 36. Nc1 Kh8 37. Ne2 Ng6 38. Nc3 Qg5 39. Na4 Rad8 40. Bxe6 Rd6
41. Bh3 Nh4 42. d5 Bc8 43. g4 fxg3 44. Bf1 gxh2+ 45. Kxh2 Rg6 46. Bh3 Qg3+ 0-1

[Event "14. Sparkassen Open 2015 - Gruppe B"]
[Site "Forchheim"]
[Date "2015.10.04"]
[Round "4.43"]
[White "Gheng, Dominik"]
[Black "Weidenhöfer, Robert"]
[Result "1/2-1/2"]
[WhiteElo "1757"]
[BlackElo "1724"]
[PlyCount "43"]
[EventDate "2015.??.??"]
[WhiteTeam "Schach-Kids Bernhausen"]
[BlackTeam "SW Nürnberg Süd"]

1. e4 b6 2. d4 Bb7 3. Nc3 e6 4. Bf4 Bb4 5. Qd3 Nf6 6. f3 Ba6 7. Qd2 Bxf1 8.
Kxf1 O-O 9. a3 Be7 10. g4 d5 11. e5 Nfd7 12. h4 c5 13. dxc5 bxc5 14. g5 Nc6 15.
Re1 Qa5 16. Qh2 Qa6+ 17. Nce2 Nd4 18. h5 Nf5 19. Nh3 Nd4 20. Nhg1 Nf5 21. Nh3
Nd4 22. Nhg1 1/2-1/2

[Event "14. Sparkassen Open 2015 - Gruppe B"]
[Site "Forchheim"]
[Date "2015.10.04"]
[Round "4.44"]
[White "Schulz, Siegfried"]
[Black "Schütz, Robert"]
[Result "1-0"]
[WhiteElo "1928"]
[BlackElo "1727"]
[PlyCount "85"]
[EventDate "2015.??.??"]
[WhiteTeam "TSV Kirchenlaibach"]
[BlackTeam "SC Forchheim"]

1. d4 d5 2. Nf3 Nf6 3. g3 c6 4. Bg2 Bf5 5. O-O h6 6. Nbd2 e6 7. c3 Bd6 8. Re1
Nbd7 9. Nh4 Bh7 10. e4 dxe4 11. Nxe4 Nxe4 12. Bxe4 Bxe4 13. Rxe4 Nf6 14. Re1
O-O 15. Bd2 Re8 16. Nf3 Qc7 17. c4 Rad8 18. Qc2 Be7 19. Re2 c5 20. dxc5 Bxc5
21. Be3 Bxe3 22. Rxe3 Re7 23. Qe2 Red7 24. a3 b6 25. Rc3 Rd6 26. Rac1 Nd7 27.
b4 a5 28. Qe3 axb4 29. axb4 Nb8 30. c5 Rd1+ 31. Rxd1 Rxd1+ 32. Kg2 bxc5 33.
Qxc5 Qxc5 34. Rxc5 Na6 35. Rc8+ Kh7 36. b5 Nb4 37. Rc7 f6 38. b6 Rd8 39. b7 Rb8
40. Nd4 e5 41. Ne6 Kg6 42. Nc5 Kf5 43. Rc8 1-0

[Event "14. Sparkassen Open 2015 - Gruppe B"]
[Site "Forchheim"]
[Date "2015.10.04"]
[Round "5.1"]
[White "Wagner, Robert"]
[Black "Adelhütte, Dennis"]
[Result "1/2-1/2"]
[WhiteElo "1868"]
[BlackElo "1962"]
[PlyCount "113"]
[EventDate "2015.??.??"]
[WhiteTeam "SC Forchheim"]
[BlackTeam "SC  JÄKLECHEMIE"]

1. Nf3 Nf6 2. d4 g6 3. g3 Bg7 4. Bg2 d5 5. O-O O-O 6. Bf4 Nh5 7. Be3 f5 8. c4
Nd7 9. cxd5 Nb6 10. Nc3 Nf6 11. Qb3 Nbxd5 12. Bf4 e6 13. Be5 c6 14. Rac1 Bh6
15. Rcd1 Nxc3 16. bxc3 Ne4 17. e3 Qa5 18. Nd2 Qxc3 19. Nxe4 Qxb3 20. axb3 fxe4
21. Bxe4 Bg7 22. Bxg7 Kxg7 23. Kg2 Bd7 24. h4 a5 25. Ra1 b5 26. Rfc1 Ra6 27. b4
a4 28. Ra3 Kf6 29. Rc5 Ke7 30. f4 Kd6 31. Re5 Ra7 32. Kf3 Be8 33. Ke2 Rg8 34.
Kd3 h6 35. g4 g5 36. hxg5 hxg5 37. f5 exf5 38. Bxf5 Re7 39. Rxe7 Kxe7 40. Ra2
Rh8 41. Be4 Bd7 42. Rc2 Rh6 43. Bf3 Be8 44. Rc5 a3 45. Rc3 a2 46. Ra3 Rh2 47.
d5 cxd5 48. Bxd5 Bg6+ 49. Kd4 Bb1 50. Kc5 Rd2 51. e4 Rd3 52. Ra7+ Kf6 53. Bxa2
Bxa2 54. Rxa2 Ke5 55. Re2 Rg3 56. Kxb5 Rxg4 57. Kc5 1/2-1/2

[Event "14. Sparkassen Open 2015 - Gruppe B"]
[Site "Forchheim"]
[Date "2015.10.04"]
[Round "5.2"]
[White "von der Linden, Armin"]
[Black "Diller, Daniel"]
[Result "1-0"]
[WhiteElo "1985"]
[BlackElo "1895"]
[PlyCount "115"]
[EventDate "2015.??.??"]
[WhiteTeam "SF Zeiler Turm"]
[BlackTeam "SC Erlangen"]

1. d4 d5 2. c4 dxc4 3. Qa4+ c6 4. Qxc4 Nf6 5. Nf3 g6 6. Nbd2 Bf5 7. Qb3 Qb6 8.
Ne5 Be6 9. Qxb6 axb6 10. b3 Na6 11. a3 Nb4 12. Kd1 Nbd5 13. Bb2 Bg7 14. e3 O-O
15. Bd3 c5 16. Ke2 cxd4 17. Bxd4 Rfd8 18. Ndf3 h6 19. Rhc1 Bf5 20. Bxf5 gxf5
21. g3 Ne4 22. Nd2 Ndc3+ 23. Rxc3 Rxd4 24. Nxe4 Rxe4 25. f4 Rxe5 26. fxe5 Bxe5
27. Rcc1 Bxa1 28. Rxa1 Kg7 29. Kd3 Rc8 30. Rf1 Rc5 31. Rf4 Rd5+ 32. Rd4 Ra5 33.
a4 e5 34. Rd7 e4+ 35. Kd4 Rc5 36. Rxb7 Rc2 37. Rxb6 Rxh2 38. a5 Ra2 39. a6 h5
40. b4 f6 41. Rb7+ Kg6 42. a7 Ra4 43. Kc5 f4 44. exf4 e3 45. Re7 e2 46. Rxe2
Rxa7 47. b5 Ra1 48. Rb2 Rc1+ 49. Kd6 Rd1+ 50. Ke7 Re1+ 51. Kf8 Ra1 52. b6 Ra8+
53. Ke7 Kf5 54. b7 Rb8 55. Kd7 h4 56. gxh4 Kxf4 57. Kc7 Rh8 58. b8=Q 1-0

[Event "14. Sparkassen Open 2015 - Gruppe B"]
[Site "Forchheim"]
[Date "2015.10.04"]
[Round "5.3"]
[White "Wabra, Robert"]
[Black "Beck, Karl"]
[Result "0-1"]
[WhiteElo "1991"]
[BlackElo "1943"]
[PlyCount "134"]
[EventDate "2015.??.??"]
[WhiteTeam "SF Gerresheim"]
[BlackTeam "SC Markt Berolzheim"]

1. d4 Nf6 2. c4 e6 3. Nc3 Bb4 4. Bd2 b6 5. Nf3 Bb7 6. e3 O-O 7. Bd3 d5 8. O-O
Nbd7 9. a3 Be7 10. cxd5 exd5 11. Rc1 c5 12. h3 Ne4 13. dxc5 Ndxc5 14. Be2 Bf6
15. b4 Ne6 16. Nb5 a6 17. Nbd4 Qd7 18. Bc3 Rfc8 19. Qb3 Rc7 20. Rc2 Rac8 21.
Rfc1 Nxc3 22. Rxc3 Rxc3 23. Rxc3 Rxc3 24. Qxc3 Qc8 25. Qb2 h6 26. Bd3 Qc7 27.
g3 Bc8 28. Kg2 Qd7 29. Bf5 g6 30. Bxe6 fxe6 31. Qc2 Kg7 32. g4 e5 33. Ne2 Bb7
34. Ng3 d4 35. e4 Qc6 36. Qxc6 Bxc6 37. h4 Kf7 38. h5 gxh5 39. gxh5 Ke6 40. Kf1
Be7 41. Ke2 a5 42. Nd2 Bb5+ 43. Kd1 axb4 44. axb4 Bxb4 45. Nf5 Bf8 46. Kc2 Be8
47. Ng3 Be7 48. Nf3 Ba4+ 49. Kd2 Bb4+ 50. Kc1 Be8 51. Kd1 Bf8 52. Kc2 b5 53.
Kb3 Bf7 54. Kb2 Kf6 55. Kc2 Bc5 56. Ne1 Bd6 57. Nf3 Be6 58. Nh4 Bc4 59. Ngf5
Bb4 60. Nf3 d3+ 61. Kc1 Bf7 62. Nxh6 Bxh5 63. Nd2 Bc5 64. f3 Be3 65. Ng4+ Bxg4
66. fxg4 Kg5 67. Kd1 Kxg4 0-1

[Event "14. Sparkassen Open 2015 - Gruppe B"]
[Site "Forchheim"]
[Date "2015.10.04"]
[Round "5.4"]
[White "Deml, Tilo"]
[Black "Faralisz, Patrick"]
[Result "1-0"]
[WhiteElo "1890"]
[BlackElo "1641"]
[PlyCount "61"]
[EventDate "2015.??.??"]
[WhiteTeam "1.FC Marktleuthen"]
[BlackTeam "SC Noris-Tarrasch Nürnberg"]

1. c4 e6 2. g3 d5 3. Bg2 c6 4. b3 f5 5. Bb2 Nf6 6. d3 Bd6 7. Nd2 O-O 8. Ngf3
Bd7 9. O-O Be8 10. Qc2 Bh5 11. e4 Bxf3 12. Bxf3 fxe4 13. dxe4 Be7 14. e5 Nfd7
15. Bg4 Na6 16. Bxe6+ Kh8 17. Bh3 Qc7 18. f4 Bc5+ 19. Kh1 Nb4 20. Qb1 a5 21. a3
Na6 22. Nf3 Rad8 23. Ng5 g6 24. Ne6 Qb8 25. Nxc5 Naxc5 26. e6+ Nf6 27. e7 Nxb3
28. exf8=Q+ Rxf8 29. Bxf6+ Rxf6 30. Qxb3 dxc4 31. Qxc4 1-0

[Event "14. Sparkassen Open 2015 - Gruppe B"]
[Site "Forchheim"]
[Date "2015.10.04"]
[Round "5.5"]
[White "Juciute, Einora"]
[Black "Scheuerer, Werner"]
[Result "0-1"]
[WhiteElo "1897"]
[BlackElo "1865"]
[PlyCount "50"]
[EventDate "2015.??.??"]
[BlackTeam "SC Garching"]

1. e4 c5 2. Nf3 d6 3. d4 cxd4 4. Nxd4 Nf6 5. Nc3 a6 6. a4 e5 7. Nb3 Be6 8. Bg5
Be7 9. Be2 Qc7 10. O-O O-O 11. Qd3 Nc6 12. Qg3 Kh8 13. Rad1 Bxb3 14. cxb3 Nd4
15. Bc4 Rab8 16. f4 b5 17. fxe5 dxe5 18. axb5 axb5 19. Rxd4 Qc5 20. Bxf7 exd4
21. Nd5 Nxd5 22. exd5 Bxg5 23. Qxg5 d3+ 24. Kh1 Rb7 25. Qh5 Rbxf7 0-1

[Event "14. Sparkassen Open 2015 - Gruppe B"]
[Site "Forchheim"]
[Date "2015.10.04"]
[Round "5.6"]
[White "Askri, Samir"]
[Black "Mantel, Ruben"]
[Result "0-1"]
[WhiteElo "1859"]
[BlackElo "1773"]
[PlyCount "54"]
[EventDate "2015.??.??"]
[WhiteTeam "SG Siemens Amberg"]
[BlackTeam "Zabo-Eintracht Nürnberg"]

1. d4 Nf6 2. Nf3 g6 3. c4 Bg7 4. Nc3 O-O 5. e4 d6 6. Be2 Nbd7 7. O-O e5 8. Be3
c6 9. d5 c5 10. Ne1 Qe7 11. f3 a6 12. Rb1 Ne8 13. b4 cxb4 14. Rxb4 f5 15. Qc2
Nc5 16. Nd3 Nxd3 17. Bxd3 Nf6 18. Na4 fxe4 19. fxe4 Ng4 20. Bf2 Bh6 21. Qe2
Rxf2 22. Rxf2 Be3 23. h3 Bxf2+ 24. Kh1 Bd4 25. Nb6 Qh4 26. Nxa8 Qg3 27. hxg4
Qh4# 0-1